Literatura hispanoárabe

Spremljeno u:
Bibliografski detalji
Glavni autor: Rubiera, María Jesús (Autor)
Format: Knjiga
Jezik:španjolski
Izdano: Madrid Mapfre 1992
Serija:Colección Al-Andalus, 3
Teme:
Oznake: Dodaj oznaku
Bez oznaka, Budi prvi tko označuje ovaj zapis!

MARC

LEADER 00000nam a2200000 a 4500
001 UCX6594
003 CL-VaPUC
008 930728e19920000SP |||||||||||||||||spa|d
082 0 4 |a 892.709  |b RUB  |2 21 
100 0 |a Rubiera, María Jesús  |e author  |9 323181 
245 1 0 |a Literatura hispanoárabe 
300 |a 283 p 
942 |c BK 
945 |d 19930728 00:00:00 
260 |a Madrid  |b Mapfre  |c 1992 
650 7 |a LITERATURA ARABE HISTORIA Y CRITICA  |2 CL-VaPUC  |9 323182 
583 |a last modification  |c 19930728 00:00:00  |k Rodrigo Vera 
490 0 |a Colección Al-Andalus, 3 
999 |c 226592  |d 226590 
952 |0 0  |1 0  |4 0  |6 892_709000000000000_RUB_1992  |7 0  |8 A  |9 225087  |a BIBHIS  |b BIBHIS  |d 2019-11-15  |i 2937867  |o 892.709 RUB 1992  |p 2937867  |r 2025-01-20  |w 2019-11-15  |y BK  |k HIS